Library of the University of Algiers 3
Ibrahim Sultan Cheibout
شعار جامعة الجزائر 3
مكتبة جامعة الجزائر 3
إبراهيم سلطان شيبوط

إدارة الموارد البشرية : (رقم التسجيلة. 45683)

تفاصيل مارك
000 -LEADER
fixed length control field 01610nam a2200229Ia 4500
003 - CONTROL NUMBER IDENTIFIER
control field Ost
005 - DATE AND TIME OF LATEST TRANSACTION
control field 20260507075655.0
008 - FIXED-LENGTH DATA ELEMENTS--GENERAL INFORMATION
fixed length control field 260507s9999||||xx |||||||||||||| ||und||
040 ## - CATALOGING SOURCE
Transcribing agency fsecg
041 ## - LANGUAGE CODE
Language code of text/sound track or separate title ara
082 ## - DEWEY DECIMAL CLASSIFICATION NUMBER
Classification number 658.3
100 ## - MAIN ENTRY--PERSONAL NAME
Personal name صالح، محمد صالح
Relator term مؤلف
245 #0 - TITLE STATEMENT
Title إدارة الموارد البشرية :
Remainder of title عرض وتحليل /
Statement of responsibility, etc. محمد صالح صالح
260 ## - PUBLICATION, DISTRIBUTION, ETC.
Place of publication, distribution, etc. عمان:
Name of publisher, distributor, etc. دار الحامد,
Date of publication, distribution, etc. 2004
300 ## - PHYSICAL DESCRIPTION
Extent 220 صفحة؛
Other physical details إيضاحات ؛
Dimensions 24 سم
504 ## - BIBLIOGRAPHY, ETC. NOTE
Bibliography, etc. note المراجع ص.219
520 ## - SUMMARY, ETC.
Summary, etc. نشأة ادارة الموارد البشرية وتطورها، أهداف ادارة الموارد البشرية والصفات الرئيسية لمديرها، تحليل وتوصيف وتقييم الوظائف في المؤسسة ووضع سلم الرواتب والأجور لتلك الوظائف على اختلاف درجاتها والمراكز فيها، تخطيط القوى العاملة، الاختبار والتعيين، التدريب، الحوافز، التطوير الوظيفي أو المهني والمحافظة على الكفاءات وتطويرها، تقييم أداء العاملين، انهاء الخدمات، علاقات العاملين، ادارة الأعمال ذات العلاقة بالعاملين وحقوقهم، العاملون واصابات العمل، الخدمات المقدمة للعاملين، استعمال الحاسوب.
653 ## - INDEX TERM--UNCONTROLLED
Uncontrolled term إدارة الأفراد
653 ## - INDEX TERM--UNCONTROLLED
Uncontrolled term القوى العاملة
653 ## - INDEX TERM--UNCONTROLLED
Uncontrolled term الموارد البشرية
942 ## - ADDED ENTRY ELEMENTS (KOHA)
Koha item type كتب

لا توجد مواد متاحة.

موارد الويب المفتوحة


© University of Algiers 3 All Rights Reserved
|
Implemented by LECHELAH Riad